Diseño de un sistema de gestión de inventario de respuestos en VEINSA Motors S.A.
Gorde:
| Egile nagusia: | |
|---|---|
| Beste egile batzuk: | |
| Formatua: | Liburua |
| Hizkuntza: | Spanish |
| Argitaratua: |
[San José, Costa Rica]
2016
|
| Gaiak: |
SISTEMAS DE INFORMACION EN CONTROL DE INVENTARIOS
> CONTROL DE INVENTARIOS - PROCESAMIENTO DE DATOS
> CONTROL DE LA PRODUCCION - PROCESAMIENTO DE DATOS
> AUTOMOVILES -- INDUSTRIA Y COMERCIO - COSTA RICA
> PIEZAS DE REPUESTOS - INVENTARIOS
> INVENTARIOS - ADMINISTRACION
> CONTROL DE INVENTARIOS
> VEINSA MOTORS (COSTA RICA)
|
| Etiketak: |
Etiketa erantsi
Etiketarik gabe, Izan zaitez lehena erregistro honi etiketa jartzen!
|
MARC
| LEADER | 00000nam a22000007a 4500 | ||
|---|---|---|---|
| 003 | 012516 | ||
| 005 | 20221231144138.0 | ||
| 008 | 170120b2016 cr a|||| m||| 00| ||spa d | ||
| 040 | |c cru CEDI | ||
| 090 | |a TFG 7667 | ||
| 100 | |9 6467 |a Esquivel Naranjo, Karol | ||
| 245 | |a Diseño de un sistema de gestión de inventario de respuestos en VEINSA Motors S.A. | ||
| 260 | |a [San José, Costa Rica] |c 2016 | ||
| 300 | |a xvi,171; ilustraciones a color | ||
| 500 | |a Proyecto de graduación (licenciatura en ingeniería industrial)--Universidad de Costa Rica. Facultad de Ingeniería. Escuela de Ingeniería Industrial | ||
| 650 | |x SISTEMAS DE INFORMACION EN CONTROL DE INVENTARIOS |x CONTROL DE INVENTARIOS - PROCESAMIENTO DE DATOS |x CONTROL DE LA PRODUCCION - PROCESAMIENTO DE DATOS |x AUTOMOVILES -- INDUSTRIA Y COMERCIO - COSTA RICA |x PIEZAS DE REPUESTOS - INVENTARIOS |x INVENTARIOS - ADMINISTRACION |x CONTROL DE INVENTARIOS |x VEINSA MOTORS (COSTA RICA) |9 6469 | ||
| 700 | |9 6468 |a Masis Aagesen, Andreas | ||
| 942 | |c TFG | ||
| 999 | |c 17548 |d 17548 | ||
